| 000 | 00904nam a2200217Ia 4500 | ||
|---|---|---|---|
| 999 |
_c40047 _d40047 |
||
| 001 | 6653 | ||
| 003 | GE_BSU | ||
| 005 | 20200203171053.0 | ||
| 008 | 181216s199 ||||g |||||||||||||| ||geo|| | ||
| 040 | _cGE_BSU | ||
| 041 | _ageo | ||
| 080 | _a82-93 გ-26 | ||
| 100 |
_aგეგია, ალეკო _96733 |
||
| 245 |
_aოღასკურას საიდუმლო : _bმოთხრობა-ზღაპარი / _cალეკო გეგია ; რედ. გურამ ბუხნიკაშვილი. |
||
| 264 |
_aთბილისი _b(ბ.ს. კომბ-ტი), _c1991. |
||
| 300 |
_a94 გვ. ; _c20 სმ. |
||
| 653 | _aოღასკურას საიდუმლო | ||
| 653 | _aმოთხრობა-ზღაპარი | ||
| 700 |
_aბუხნიკაშვილი, გურამ _eრედაქტორი _96734 |
||
| 942 |
_cBK _2udc |
||